1436 1043 1800 1883 1944 1354 1200 1548 1096 1921 1550 1972 1572 1630 1255 1919 1568 1205 1752 1972 1917 1066 1282 1061 1056 1220 1264 1859 1427 1669 1378 1373 1549 1313 1667 1996 1611 1701 1676 1273 1745 1338 1685 1846 1685 1795 1101 1009 1747 1950 1608 1998 1005 1112 1462 1413 1879 1215 1949 1675 1574 1698 1637 1325 1030 1798 1219 1857 1494 1906 1355 1161 1070 1796 1437 1654 1940 1687 1058 1960 1286 1727 1552 1730 1553 1001 1954 1140 1540 1044 1407 1989 1049 1924 1687 1196 1640 1477 1507 BCNSPRNW ULIB Ver.6.0+V

เปลี่ยนเป็นภาษาไทย

Change to English
 แสดงรายละเอียดบรรณานุกรม
  กลับหน้าหลัก

Brief Record : Get Marc (ISO 2709) : E-mail record : QR code < ปิดหน้าต่าง
LEADER : 00000nam 2200000uu 4500
001    13399125756
003     ULIB
008    170830s2560||||th 000 0 tha d
020    ^a9786164291607
060 04 ^aWS260^bค695 2560
245 00 ^aคู่มือโรคผิวหนังเด็ก (ฉบับปรับปรุงครั้งที่ 2) /^cบรรณาธิการ, วาณี วิสุทธิ์เสรีวงศ์, วนิดา ลิ้มพงศานุรักษ์, ศิริวรรณ วนานุกูล, ยุวลักษณ์ ธรรมเกษร, ศรีศุภลักษณ์ สิงคาลวณิช
250    ^aพิมพ์ครั้งที่ 4
260    ^aกรุงเทพฯ :^bบียอนด์ เอ็นเทอร์ไพรซ์,^c2560
300    ^a325 หน้า :^bภาพประกอบสี ;^c21 ซม.
500    ^aจัดทำโดย : ชมรมแพทย์ผิวหนังเด็กแห่งประเทศไทย
504    ^aเอกสารอ้างอิงและดัชนีท้ายเล่ม
650  4 ^aผิวหนัง, โรค^xในวัยทารกและวัยเด็ก^xคู่มือ
700 0  ^aวาณี วิสุทธิ์เสรีวงศ์^eบรรณาธิการ
700 0  ^aวนิดา ลิ้มพงศานุรักษ์^eบรรณาธิการ
700 0  ^aศรีศุภลักษณ์ สิงคาลวณิช^eบรรณาธิการ
700    ^aศิริวรรณ วนานุกูล^eบรรณาธิการ
700    ^aยุวลักษณ์ ธรรมเกษร^eบรรณาธิการ
710 2  ^aชมรมแพทย์ผิวหนังเด็กแห่งประเทศไทย
945    ^p0^l0^i003071
945    ^p0^l0^i003072
945    ^p0^l0^i003073
945    ^p0^l0^i003074
945    ^p0^l0^i003075
999    ^aประนอม เกษจรัล
รายการนี้ยังไม่มีแท็ก
คุณยังไม่ได้ล็อกอิน คุณสามารถมีกิจกรรมร่วมกับเว็บไซต์ได้ แต่ต้องล็อกอินก่อน ::
  ล็อกอิน

รายการสื่อสารสนเทศ

ลำดับที่ ประเภท เลขเรียก/บาร์โค้ด สถานที่ สถานะ
1. วิทยาศาสตร์การแพทย์ และสุขภาพ
หนังสือสำรอง
สถานะ=หนังสือสำรอง
WS260 ค695 2560 ฉ.1 
  Barcode: 003071
ห้องสมุดวิทยาเขตสวรรค์ประชารักษ์
►หนังสือทั่วไป
บนชั้น
2. วิทยาศาสตร์การแพทย์ และสุขภาพ
วิทยาศาสตร์การแพทย์ และสุขภาพ
WS260 ค695 2560 ฉ.2 
  Barcode: 003072
ห้องสมุดวิทยาเขตสวรรค์ประชารักษ์
►หนังสือทั่วไป
บนชั้น
3. วิทยาศาสตร์การแพทย์ และสุขภาพ
วิทยาศาสตร์การแพทย์ และสุขภาพ
WS260 ค695 2560 ฉ.3 
  Barcode: 003073
ห้องสมุดวิทยาเขตสวรรค์ประชารักษ์
►หนังสือทั่วไป
บนชั้น
4. วิทยาศาสตร์การแพทย์ และสุขภาพ
วิทยาศาสตร์การแพทย์ และสุขภาพ
WS260 ค695 2560 ฉ.4 
  Barcode: 003074
ห้องสมุดวิทยาเขตสวรรค์ประชารักษ์
►หนังสือทั่วไป
บนชั้น
5. วิทยาศาสตร์การแพทย์ และสุขภาพ
วิทยาศาสตร์การแพทย์ และสุขภาพ
WS260 ค695 2560 ฉ.5 
  Barcode: 003075
ห้องสมุดวิทยาเขตสวรรค์ประชารักษ์
►หนังสือทั่วไป
บนชั้น

BibComment


ยังไม่เคยถูกคอมเมนท์

คอมเมนท์ทรัพยากรรายการนี้
  คอมเมนท์: คู่มือโรคผิวหนัง..


 Copyright 2026. Bcnsprnw @Library